书目信息 |
| 题名: |
零基础·旅游日语
|
|
| 作者: | 金利 主编 | |
| 分册: | ||
| 出版信息: | 上海 华东理工大学出版社 2017 |
|
| 页数: | 337页 | |
| 开本: | 18cm | |
| 丛书名: | ||
| 单 册: | ||
| 中图分类: | F59 , H369.9 | |
| 科图分类: | ||
| 主题词: | 旅游--lv you--日语--口语--自学参考资料 | |
| 电子资源: | ||
| ISBN: | 978-7-5628-4730-4 | |
| 000 | 01003nam0 22002531 450 | |
| 001 | 0122100637 | |
| 005 | 20170322100637.0 | |
| 010 | @a978-7-5628-4730-4@dCNY39.80 | |
| 100 | @a20170109d2017 em y0chiy50 ea | |
| 101 | 0 | @achi@ajpn |
| 102 | @aCN@b310000 | |
| 105 | @aa z 000yy | |
| 106 | @ar | |
| 200 | 1 | @a零基础·旅游日语@9ling ji chu lv you ri yu@e翻开就能说@f金利主编 |
| 210 | @a上海@c华东理工大学出版社@d2017 | |
| 215 | @a337页@c图@d18cm | |
| 330 | @a本书精选出境旅游常遇到的7大场景,内容涵盖行前准备、登机出发、当地交通、入住酒店、吃吃喝喝、血拼高手、突发状况等身在国外常遇到的那些场景,在充分考虑出境游的实际需求后,本书搜罗出每个场景下的应急词及要听懂和要会说的场景应急句,所以即使大家觉得说完整的一句话有难度,也可以简单地说单词。 | |
| 517 | 1 | @a翻开就能说@9fan kai jiu neng shuo |
| 606 | 0 | @a旅游@9lv you@x日语@x口语@j自学参考资料 |
| 690 | @aF59@v5 | |
| 690 | @aH369.9@v5 | |
| 701 | 0 | @a金利@9jin li@4主编 |
| 801 | 0 | @aCN@bTANGWEI@c20170308 |
| 905 | @b0958498-501@dF59@e517@f4 | |
| 零基础·旅游日语:翻开就能说/金利主编.-上海:华东理工大学出版社,2017 |
| 337页:图;18cm |
| ISBN 978-7-5628-4730-4:CNY39.80 |
| 本书精选出境旅游常遇到的7大场景,内容涵盖行前准备、登机出发、当地交通、入住酒店、吃吃喝喝、血拼高手、突发状况等身在国外常遇到的那些场景,在充分考虑出境游的实际需求后,本书搜罗出每个场景下的应急词及要听懂和要会说的场景应急句,所以即使大家觉得说完整的一句话有难度,也可以简单地说单词。 |
| ● |
| 相关链接 |
|
|
|
|
正题名:零基础·旅游日语
索取号:F59/517
 
预约/预借
| 序号 | 登录号 | 条形码 | 馆藏地/架位号 | 状态 | 备注 |
| 1 | 0958498 | 209584984 | 第一样本阅览室/ [索取号:F59/517] | 在馆 | |
| 2 | 0958499 | 209584993 | 第一借阅区/ [索取号:F59/517] | 在馆 | |
| 3 | 0958500 | 209585000 | 第一借阅区/ [索取号:F59/517] | 在馆 | |
| 4 | 0958501 | 209585019 | 第一借阅区/ [索取号:F59/517] | 在馆 |